| 000 -LEADER |
| fixed length control field |
01122nam a2200265 a 4500 |
| 007 - PHYSICAL DESCRIPTION FIXED FIELD--GENERAL INFORMATION |
| fixed length control field |
ta |
| 008 - FIXED-LENGTH DATA ELEMENTS--GENERAL INFORMATION |
| fixed length control field |
740306s1974 xxk g i100 0 eng d |
| 020 ## - INTERNATIONAL STANDARD BOOK NUMBER |
| International Standard Book Number |
9280100211 |
| 040 ## - CATALOGING SOURCE |
| Original cataloging agency |
IMU Kochi Library |
| Language of cataloging |
eng |
| 041 0# - LANGUAGE CODE |
| Language code of text/sound track or separate title |
engfrerusspa |
| 044 ## - COUNTRY OF PUBLISHING/PRODUCING ENTITY CODE |
| MARC country code |
United Kingdom |
| 082 00 - DEWEY DECIMAL CLASSIFICATION NUMBER |
| Edition number |
23 |
| Classification number |
623.8884 |
| Item number |
In821/C |
| 111 2# - MAIN ENTRY--MEETING NAME |
| Meeting name or jurisdiction name as entry element |
International Conference on Revision of the International Regulations for Preventing Collisions at Sea |
| Date of meeting |
(1972 : |
| Location of meeting |
London, England) |
| 245 00 - TITLE STATEMENT |
| Title |
Final act of the Conference with attachments, including the text of the adopted Convention = Acte final de la Conférence avec documents joints comprenant le texte de la Convention adoptée. |
| 260 ## - PUBLICATION, DISTRIBUTION, ETC. (IMPRINT) |
| Place of publication, distribution, etc |
London : |
| Name of publisher, distributor, etc |
Inter-governmental Maritime Consultative Organization, |
| Date of publication, distribution, etc |
1974 |
| 300 ## - PHYSICAL DESCRIPTION |
| Extent |
128 p. ; |
| Dimensions |
25 cm. |
| 500 ## - GENERAL NOTE |
| General note |
English and French; text of Final act also in Russian and Spanish. |
| 650 #0 - SUBJECT ADDED ENTRY--TOPICAL TERM |
| Topical term or geographic name as entry element |
Collisions at sea. |
| 710 2# - ADDED ENTRY--CORPORATE NAME |
| Corporate name or jurisdiction name as entry element |
Intergovernmental Maritime Consultative Organization. |
| 730 02 - ADDED ENTRY--UNIFORM TITLE |
| Uniform title |
International Regulations for Preventing Collisions at Sea |
| Date of treaty signing |
(1972). |
| Language of a work |
English & French. |
| Date of a work |
1973. |
| 852 ## - LOCATION/CALL NUMBER |
| Location |
IMU Kochi Library |
| 904 ## - LOCAL DATA ELEMENT D, LDD (RLIN) |
| CATALOGER |
Rudra Ranjan |
| 905 ## - LOCAL DATA ELEMENT E, LDE (RLIN) |
| VERIFIER |
Rudra Ranjan |
| 942 ## - ADDED ENTRY ELEMENTS (KOHA) |
| Item type |
Books |